LEADER 01228nam a2200253 u 4500 001 000000050575 003 CaOOAMICUS 005 20070226115235.0 008 000821s1982 it u000 u ita u 035 $a10853823 040 $aPUL(R)$bita 245 03$aLa spiritualitą dei laici :$briflessioni del 2° anniversario della morte di Vittorio Bachelet (12 febbraio 1982) /$cM. Agnes ... [et al.]. 260 $aRoma :$bEd. A.V.E.,$cc1982. 300 $a101 p. ;$c20 cm 500 $aIn testa al front.: Istituto per la storia dell'Azione Cattolica e del Movimento cattolico in Italia "Paolo VI". 504 $aBibliografia in nota. 600 14$aBachelet, Vittorio,$d1926-1980.$0(OLS)http://pul/subject/21303 650 4$aLaici.$0(OLS)http://pul/subject/212 700 1 $aAgnes, Mario.$0(OLS)http://pul/name/12177 850 $aPUL 852 $aPUL$W1$xDP1 Fondo Maccarrone$y58$m1522 C 32$j67048$nBK-PRI$b $qFondi$B67048$CPULBib$Z2$F67048 $H $81 941 1 $a1 996 $6245$aLa spiritualitą dei laici :$briflessioni del 2° anniversario della morte di Vittorio Bachelet (12 febbraio 1982)$9(OLS)http://pul/title/68065 996 $6260$aRoma :$bEd. A.V.E.$9(OLS)http://pul/publisher/61351 LEADER 01695nam a2200361 u 4500 001 000000075718 003 CaOOAMICUS 005 20070226123130.0 008 031017s2003 be u000 u eng u 020 $a905867309X (Leuven University Press) 020 $a9042911549 (Peeters Leuven) 020 $a287723651X (Peeters France) 035 $a10973255 040 $aPUL$bita 041 0 $ager$afre$aeng 245 04$aThe biblical canons /$cedited by J.-M. Auwers & H. J. De Jonge. 260 $aLeuven :$bLeuven University Press :$bUitgeverij Peeters,$c2003. 300 $axlv, 715, 8 p. ;$c25 cm 490 1 $aBibliotheca Ephemeridum theologicarum Lovaniensium ;$v163 504 $aComprende indicazioni bibliografiche. 630 04$aBiblia.$pN.T.$xCanone.$0(OLS)http://pul/subject/9576 630 04$aBiblia.$pV.T.$xCanone.$0(OLS)http://pul/subject/2671 700 1 $aJonge, Henk Jan de.$0(OLS)http://pul/name/50349 700 1 $aAuwers, J.-M$q(Jean-Marie).$0(OLS)http://pul/name/34778 830 0$aBibliotheca Ephemeridum theologicarum Lovaniensium ;$v163.$0(OLS)http://pul/title/1445 850 $aPUL 852 $aPUL$W1$xSL Religione 1$y3$m17 A 163$j97366$nBK-PRI$b $qStampati$B97366$CPULBib$Z2$F97366 $H92805 $81 941 1 $a8 996 $6020$a905867309X (Leuven University Press)$9(OLS)http://pul/number/98964 996 $6020$a9042911549 (Peeters Leuven)$9(OLS)http://pul/number/98965 996 $6020$a287723651X (Peeters France)$9(OLS)http://pul/number/98966 996 $6245$aThe biblical canons$9(OLS)http://pul/title/99356 996 $6260$aLeuven :$bLeuven University Press :$bUitgeverij Peeters$9(OLS)http://pul/publisher/49250